Регионална библиотека "Любен Каравелов" - Русе

Машини за родните поля (Запис номер 167593)

MARC детайли
000 -Лидер
Контролно поле с фиксирана дължина 01540nam a2200385 c 4500
003 - Код на организацията, давaща контролен номер
Контролно поле BLK
005 - Дата и час на последна редакция
Контролно поле 20220222105808.0
008 - Елементи от данни с фиксирана дължина
fixed length control field 180411b bul|||||r ||||||| ||bul||
010 ## - Наследен системен номер
LC control number KNG00175405000
040 ## - Източник на каталожния запис
Идентификатор на билиотеката - собственик на записа BLK
041 ## - Код за език
Код за езика на текст/звукозапис или на отделно заглавие Български
Код за езика КДБФ Български
072 #7 - Код за тематичната категория
Код организация bullib
Код за тематична категория К
Текст Краезнание
080 ## - УДК
Текстов определител УДК Селскостопански машини и инструменти. Селскостопанско машиностроене
УДК код - определител по УДК 631.3
УДК определител (497.215)
УДК - код + определител 631.3(497.215)
100 1# - Редна дума - Автор
Автор Сяров, Спиро
Авторска отговорност първи автор
R(LIN) 337572
139 ## - Редно поле
Редна дума Сяров, Спиро и др.
Авторски знак Ся - С 99
245 10 - Сведения за заглавието
Заглавие Машини за родните поля
Подзаглавни данни [Очерк за завода "Г. Димитров" - Русе]
Редно поле (дума) Спиро Сяров; съавт. Вертер Хлебаров.
257 ## - Страна на издаване
Страна на създаване/издаване България
260 ## - Област на издателските данни
Име на издателя, разпространителя и проч. Профиздат
Година на издаване 1956
300 ## - Физическа характеристика
Страници 108 с.
Размери/Мащаб 18 см
380 ## - Жанр
Жанр Селско стопанство
490 1# - СЕРИИ (Колекции)
Име на серия Нашите социалистически предприятия
500 ## - Общи забележки
Забележка 2 000 тир.
650 #4 - Допълнително описание по предмет – тема
Основно описание – тема или топоним Селскостопански машини и оръдия
9 (RLIN) 274068
650 #4 - Допълнително описание по предмет – тема
Основно описание – тема или топоним Русе - стопанско развитие
9 (RLIN) 275828
651 #4 - Допълнително описание по предмет - топоним
Географско понятие Русе
9 (RLIN) 179462
653 ## - Ключова дума – ненормативна
Ключова дума селскостопански машини
653 ## - Ключова дума – ненормативна
Ключова дума производство
659 ## - Тематичен бюлетин
Тематичен бюлетин К
700 1# - Други автори (авторска отговорност)
Лично име Хлебаров, Вертер
Автороска отговорност (Описва отношението между автора и произведението) съавт.
9 (RLIN) 382404
852 ## - Местоположение
Форматна сигнатура Цб І 914
852 ## - Местоположение
Форматна сигнатура К 63/С 99 С
856 4# - Електронен адрес и достъп
Електронен формат pdf - файл
856 4# - Електронен адрес и достъп
Електронен формат pdf - файл
999 ## - СИСТЕМНИ КОНТРОЛНИ НОМЕРА
Koha biblionumber 167593
Koha biblioitemnumber 167593
942 ## - АРТИКУЛИ
Вид на библиотечния материал Книги
Скрит в OPAC Не
Периодичен библиозапис Да
944 ## - СЪЗДАВАНЕ И РЕДАКЦИЯ на ЗАПИСА
Създаване/Редакция Създаване
Дата на регистрацията/редакция 18.05.2015
Служител, извършил регистрацията/редакцията Валя_Йорданова
944 ## - СЪЗДАВАНЕ И РЕДАКЦИЯ на ЗАПИСА
Създаване/Редакция Редакция
Дата на регистрацията/редакция 29.07.2015
Служител, извършил регистрацията/редакцията Валя_Йорданова
999 ## - СИСТЕМНИ КОНТРОЛНИ НОМЕРА
Koha biblioitemnumber 167593
999 ## - СИСТЕМНИ КОНТРОЛНИ НОМЕРА
Koha biblioitemnumber 167593
Наличности
Код за отписване Код за изгубен артикул Източник на класификационната схема Код за повреда Коз за рестрикции Код за отдаване Артикулен № Име на библиотеката - собственик Име на библиотеката, в която се намира в момента Статус (Текущо местоположение) Дата на вписване в системата Местоположение - отдел Цена в лева Инвентарен номер Систематично азбучна сигнатура Баркод Номер на екземпляра Цена в евро Служебна бележка Служебен тип на артикула
  Не е изгубен Universal Decimal Classification Не е повреден без рестрикции ползва се в читалня 282378 Регионална библиотека "Любен Каравелов" Русе Регионална библиотека "Любен Каравелов" Русе Краезнание 1956-01-01 Краезнание 0.28 10001/57 К 63/С 99 С 900000003541 1 0.14 N: Сф Дата: 01.01.1956 Дата инв: 16.11.2017 Бележки инв: К2017 Книги
  Не е изгубен Universal Decimal Classification Не е повреден без рестрикции ползва се в читалня 282379 Регионална библиотека "Любен Каравелов" Русе Регионална библиотека "Любен Каравелов" Русе Краезнание 1956-01-01 Краезнание 0.28 526414 К 63/С 99 120000526414 2 0.14 N: Сф Дата: 01.01.1956 Дата инв: 10.11.2017 Бележки инв: К2017 Книги
  Не е изгубен Universal Decimal Classification Не е повреден без рестрикции ползва се в читалня 282380 Регионална библиотека "Любен Каравелов" Русе Регионална библиотека "Любен Каравелов" Русе Хранилище 1956-01-01 Основен фонд - ползва се само за читалня 0.28 38/57 Цб І 914 900000024981 3 0.14 N: ф Дата: 01.01.1956 Книги
Vip Innovations Ltd, Rousse, Bulgaria 2025